[Event "LAT-ch (Women)"]
[Site "Riga"]
[Date "2025.05.05"]
[Round "9"]
[White "Ter Avetisjana, Agnesa Stepania"]
[Black "Krasilnikova, Marija"]
[Result "1-0"]
[WhiteElo "2057"]
[BlackElo "1652"]
[PlyCount "49"]
[EventDate "2025.04.29"]
[EventType "swiss"]
[EventRounds "9"]
[EventCountry "LAT"]
[SourceTitle "CB19_2025"]
[SourceDate "2025.05.07"]
[SourceVersion "1"]
[SourceVersionDate "2025.05.07"]
[SourceQuality "1"]

1. e4 c6 2. Nf3 d5 3. Nc3 dxe4 4. Nxe4 Nf6 5. Qe2 Nxe4 6. Qxe4 Qa5 7. Bc4 Qf5 8. Qd4 Nd7 9. 0-0 Qc5 10. Qf4 Nf6 11. Ne5 e6 12. d4 Qb6 13. c3 Be7 14. Qg3 Rg8 15. Re1 Nd7 16. Nxf7 Nf8 17. Nh6 Rh8 18. Qxg7 Ng6 19. Qf7+ Kd8 20. Ng8 Qc7 21. Bxe6 Bxe6 22. Rxe6 Qd7 23. Nxe7 Nxe7 24. Bg5 Re8 25. Rae1 1-0

[Event "LAT-ch (Women)"]
[Site "Riga"]
[Date "2025.05.03"]
[Round "7"]
[White "Rogule, Laura"]
[Black "Ter Avetisjana, Agnesa Stepania"]
[Result "1/2-1/2"]
[WhiteElo "2269"]
[BlackElo "2057"]
[PlyCount "27"]
[EventDate "2025.04.29"]
[EventType "swiss"]
[EventRounds "9"]
[EventCountry "LAT"]
[SourceTitle "CB19_2025"]
[SourceDate "2025.05.07"]
[SourceVersion "1"]
[SourceVersionDate "2025.05.07"]
[SourceQuality "1"]

1. c4 c6 2. Nf3 d5 3. e3 Nf6 4. Nc3 e6 5. b3 Nbd7 6. Qc2 Bd6 7. Bb2 Qe7 8. d4 0-0 9. Be2 e5 10. dxe5 Nxe5 11. cxd5 cxd5 12. Nd4 Bd7 13. Nf5 Qe6 14. Nxd6 1/2-1/2

[Event "LAT-ch (Women)"]
[Site "Riga"]
[Date "2025.05.03"]
[Round "6"]
[White "Vasiljeva, Sofja"]
[Black "Ter Avetisjana, Agnesa Stepania"]
[Result "1-0"]
[WhiteElo "1917"]
[BlackElo "2057"]
[PlyCount "117"]
[EventDate "2025.04.29"]
[EventType "swiss"]
[EventRounds "9"]
[EventCountry "LAT"]
[SourceTitle "CB19_2025"]
[SourceDate "2025.05.07"]
[SourceVersion "1"]
[SourceVersionDate "2025.05.07"]
[SourceQuality "1"]

1. e4 c6 2. Nc3 d5 3. Nf3 Bg4 4. h3 Bxf3 5. Qxf3 e6 6. g3 Nf6 7. Bg2 Bb4 8. 0-0 0-0 9. Qe2 Qb6 10. Kh1 Nbd7 11. e5 Ne8 12. Nb1 Be7 13. d3 g6 14. c3 f6 15. exf6 Rxf6 16. d4 Ng7 17. Nd2 Bd6 18. Nf3 Qc7 19. Bh6 Re8 20. Bxg7 Kxg7 21. Rae1 Re7 22. c4 dxc4 23. Qxc4 Nb6 24. Qd3 e5 25. dxe5 Bxe5 26. b3 Rd6 27. Qc2 Bf6 28. Nd2 Nc8 29. Re4 Rde6 30. Rfe1 Rxe4 31. Rxe4 Nd6 32. Rxe7+ Qxe7 33. Ne4 Nf5 34. Kh2 Bd4 35. Qd2 c5 36. Nc3 b6 37. Nd5 Qe5 38. Nf4 Ne7 39. a3 h5 40. h4 Nf5 41. Bf3 Ne7 42. Kg2 Nf5 43. Be2 Qe4+ 44. Bf3 Qe5 45. Kh2 Nh6 46. b4 c4 47. Qxd4 Qxd4 48. Ne6+ Kf6 49. Nxd4 a5 50. bxa5 bxa5 51. Be2 c3 52. Bd3 Ng4+ 53. Kg2 Ne5 54. Bc2 Nc4 55. Nb5 g5 56. hxg5+ Kxg5 57. a4 h4 58. Nxc3 hxg3 59. Kxg3 1-0

[Event "LAT-ch (Women)"]
[Site "Riga"]
[Date "2025.04.30"]
[Round "2"]
[White "Jansone, Melanija Luize"]
[Black "Ter Avetisjana, Agnesa Stepania"]
[Result "0-1"]
[WhiteElo "1908"]
[BlackElo "2057"]
[PlyCount "106"]
[EventDate "2025.04.29"]
[EventType "swiss"]
[EventRounds "9"]
[EventCountry "LAT"]
[SourceTitle "CB19_2025"]
[SourceDate "2025.05.07"]
[SourceVersion "1"]
[SourceVersionDate "2025.05.07"]
[SourceQuality "1"]

1. e4 c6 2. d4 d5 3. e5 Bf5 4. h4 h5 5. Bd3 Bxd3 6. Qxd3 e6 7. Bg5 Qb6 8. Nd2 Ne7 9. Ngf3 Nf5 10. 0-0 Nd7 11. a3 Rc8 12. c4 Qa6 13. Rac1 Nb6 14. b4 dxc4 15. Nxc4 Be7 16. Qb3 Bxg5 17. Nxg5 Nxc4 18. Rxc4 Rd8 19. Qc3 0-0 20. Rc1 Qb6 21. Nf3 Rd5 22. Rc5 Rfd8 23. Rxd5 Rxd5 24. Rd1 a5 25. Qc4 Qd8 26. g3 Rb5 27. bxa5 Rxa5 28. Ng5 Rxe5 29. dxe5 Qxd1+ 30. Kh2 Qd4 31. Qe2 g6 32. Nf3 Qd5 33. Ng5 Kg7 34. Qb2 Qd4 35. Qe2 Nh6 36. Qf3 Qxe5 37. Ne4 Ng4+ 38. Kg1 Qa1+ 39. Kg2 Qd4 40. Kg1 Qd5 41. Qc3+ Qe5 42. Qf3 Nf6 43. Ng5 Qd5 44. Qc3 e5 45. Qb4 c5 46. Qa5 c4 47. Qc7 b5 48. Kh2 e4 49. Kg1 Ng4 50. Qa5 Qd4 51. Qe1 e3 52. fxe3 Qxe3+ 53. Qxe3 Nxe3 0-1

[Event "EU-ch (Women) 25th"]
[Site "Rhodes"]
[Date "2025.04.07"]
[Round "7"]
[White "Kosma, Maria"]
[Black "Ter Avetisjana, Agnesa Stepania"]
[Result "0-1"]
[WhiteElo "1769"]
[BlackElo "2100"]
[PlyCount "100"]
[EventDate "2025.03.31"]
[EventType "swiss"]
[EventRounds "11"]
[EventCountry "GRE"]
[SourceTitle "CB16_2025"]
[SourceDate "2025.04.16"]
[SourceVersion "1"]
[SourceVersionDate "2025.04.16"]
[SourceQuality "1"]

1. e4 c6 2. Nc3 d5 3. Nf3 Bg4 4. d4 e6 5. Be2 Nf6 6. e5 Nfd7 7. 0-0 Be7 8. Ne1 Bxe2 9. Nxe2 h5 10. f4 g6 11. Nd3 c5 12. c3 Nc6 13. Be3 cxd4 14. Nxd4 Rc8 15. g4 hxg4 16. Qxg4 Nxd4 17. cxd4 Nb6 18. Rac1 Nc4 19. Bf2 Rc6 20. Qe2 Qa5 21. b3 Qd2 22. Qf3 Na3 23. Rxc6 bxc6 24. Nc1 Nb5 25. Qe3 Qxe3 26. Bxe3 Rh3 27. Bf2 Ba3 28. Ne2 Rd3 29. Ra1 Bb2 30. Rb1 Bxd4 31. a4 Bxf2+ 32. Kxf2 Nd4 33. Nxd4 Rxd4 34. Kg3 Rb4 35. Kg4 Kd7 36. Kg5 a5 37. Rc1 Kc7 38. Rc3 Re4 39. Rf3 d4 40. Kf6 Re3 41. Rf1 Rxb3 42. Kxf7 Kd7 43. Kxg6 Rh3 44. f5 exf5 45. Kf7 Rh7+ 46. Kf6 Rxh2 47. e6+ Kd6 48. e7 Re2 49. Rd1 c5 50. Rb1 Re6+ 0-1

[Event "Lienz op 22nd"]
[Site "Lienz"]
[Date "2025.02.15"]
[Round "9"]
[White "Ter Avetisjana, Agnesa Stepania"]
[Black "Yu, Shuxiao"]
[Result "0-1"]
[WhiteElo "2133"]
[BlackElo "1854"]
[PlyCount "124"]
[EventDate "2025.02.08"]
[EventType "swiss"]
[EventRounds "9"]
[EventCountry "AUT"]
[SourceTitle "CB08_2025"]
[SourceDate "2025.02.19"]
[SourceVersion "1"]
[SourceVersionDate "2025.02.19"]
[SourceQuality "1"]

1. e4 c5 2. Nf3 d6 3. Bb5+ Nd7 4. 0-0 a6 5. Bd3 Ngf6 6. Re1 e6 7. a4 Be7 8. c3 Ne5 9. Bf1 Nxf3+ 10. Qxf3 e5 11. h3 Be6 12. d3 0-0 13. Qe2 Re8 14. c4 Nd7 15. a5 Bg5 16. b4 Bxc1 17. Rxc1 b6 18. axb6 cxb4 19. b7 Ra7 20. Nd2 Nc5 21. Rcb1 Rxb7 22. Nb3 Ra7 23. Na5 Qb6 24. Qd2 Rb8 25. Rb2 Bd7 26. Qd1 Nb7 27. Nxb7 Rbxb7 28. Be2 a5 29. Qb1 a4 30. Bd1 h6 31. Kh2 Qc5 32. Qc1 Bc6 33. Qe3 Kf8 34. Kg1 Rb8 35. Kf1 Ke7 36. Ke2 Bd7 37. Kd2 Ra6 38. Ke2 Be8 39. Kd2 Raa8 40. Ke2 Bc6 41. Kd2 Qd4 42. Qxd4 exd4 43. Rab1 b3 44. Ra1 Kd7 45. Kc1 Ke6 46. Ra3 f5 47. exf5+ Kxf5 48. Bg4+ Kg5 49. g3 Re8 50. Rd2 Re1+ 51. Kb2 Rae8 52. Ra1 Rxa1 53. Kxa1 a3 54. Re2 b2+ 55. Kb1 Rb8 56. Re1 Ba4 57. c5 a2+ 58. Kxa2 Bc2 59. c6 b1Q+ 60. Rxb1 Bxb1+ 61. Ka1 Bxd3 62. c7 Ra8+ 0-1

[Event "Riga Christmas (Women)"]
[Site "Riga"]
[Date "2024.12.12"]
[Round "6"]
[White "Verbin, Valentina"]
[Black "Ter Avetisjana, Agnesa Stepania"]
[Result "1-0"]
[WhiteElo "2093"]
[BlackElo "2115"]
[PlyCount "78"]
[EventDate "2024.12.09"]
[EventType "tourn"]
[EventRounds "9"]
[EventCountry "LAT"]
[SourceTitle "CB51_2024"]
[SourceDate "2024.12.18"]
[SourceVersion "1"]
[SourceVersionDate "2024.12.18"]
[SourceQuality "1"]

1. e4 c6 2. d4 d5 3. e5 Bf5 4. Nf3 e6 5. Be2 Ne7 6. 0-0 h6 7. c3 Nd7 8. a4 c5 9. dxc5 Nc6 10. b4 Ncxe5 11. Nd4 Bxb1 12. Rxb1 Be7 13. f4 Nc6 14. f5 e5 15. f6 Nxf6 16. Nf5 g6 17. Nxh6 Rh7 18. Qe1 Ne4 19. Bd3 f5 20. Bxe4 dxe4 21. Qg3 Rxh6 22. Bxh6 Kf7 23. b5 Na5 24. Qxe5 Bf6 25. Qg3 Qe7 26. Rbd1 Nc4 27. Be3 Rh8 28. Bd4 e3 29. Bxf6 Kxf6 30. Rfe1 Qxc5 31. Qf4 Qe5 32. Qxe5+ Kxe5 33. Rd7 f4 34. Rxb7 g5 35. Re7+ Kf5 36. Rxa7 g4 37. Rc7 Ne5 38. Rc5 Ke4 39. Rxe5+ Kxe5 1-0

[Event "Wch U18 Girls"]
[Site "Florianopolis"]
[Date "2024.11.05"]
[Round "7"]
[White "Ter Avetisjana, Agnesa Stepania"]
[Black "Fizerova, Lucie"]
[Result "1/2-1/2"]
[WhiteElo "2125"]
[BlackElo "1941"]
[PlyCount "90"]
[EventDate "2024.10.29"]
[EventType "swiss"]
[EventRounds "11"]
[EventCountry "BRA"]
[SourceTitle "CB45_2024"]
[Source "ChessBase"]
[SourceDate "2024.11.06"]
[SourceVersion "1"]
[SourceVersionDate "2024.11.06"]
[SourceQuality "1"]

1. e4 e6 2. d4 d5 3. Nd2 c5 4. exd5 Qxd5 5. Ngf3 cxd4 6. Bc4 Qd6 7. 0-0 Nf6 8. Nb3 Nc6 9. Nbxd4 Nxd4 10. Nxd4 Be7 11. c3 0-0 12. Qf3 Qc7 13. Bb3 a5 14. Re1 Bd7 15. Bf4 Bd6 16. Bxd6 Qxd6 17. Rad1 Qc7 18. h3 b5 19. a3 Rab8 20. g4 Bc8 21. Qc6 Qf4 22. Qf3 Qc7 23. Qe3 Bb7 24. Qe5 Qb6 25. Bc2 b4 26. axb4 axb4 27. c4 Rbc8 28. b3 Rc5 29. Qe3 h6 30. f3 Qc7 31. Qf2 Rg5 32. Kf1 h5 33. Re3 hxg4 34. hxg4 e5 35. Nb5 Qc5 36. Nd6 Bc6 37. Ne4 Bxe4 38. Bxe4 Rxg4 39. Re2 Qxf2+ 40. Kxf2 Rh4 41. Bc6 e4 42. Rd4 Rh1 43. Kg2 Rb1 44. Ba4 Re8 45. c5 e3 1/2-1/2

[Event "Wch U18 Girls"]
[Site "Florianopolis"]
[Date "2024.11.01"]
[Round "4"]
[White "Hernandez Diaz, Paula Sofia"]
[Black "Ter Avetisjana, Agnesa Stepania"]
[Result "0-1"]
[WhiteElo "1980"]
[BlackElo "2125"]
[PlyCount "62"]
[EventDate "2024.10.29"]
[EventType "swiss"]
[EventRounds "11"]
[EventCountry "BRA"]
[SourceTitle "CB45_2024"]
[Source "ChessBase"]
[SourceDate "2024.11.06"]
[SourceVersion "1"]
[SourceVersionDate "2024.11.06"]
[SourceQuality "1"]

1. d4 Nf6 2. c4 e6 3. g3 c5 4. d5 exd5 5. cxd5 d6 6. Nc3 g6 7. Bg2 Bg7 8. Nf3 0-0 9. 0-0 Re8 10. Bf4 a6 11. a4 Nh5 12. Bg5 Qc7 13. Rc1 Nd7 14. b4 Qb6 15. bxc5 Nxc5 16. Be3 Rxe3 17. fxe3 Nb3 18. Nd4 Nxc1 19. Qxc1 Bxd4 20. exd4 Qxd4+ 21. e3 Qe5 22. Kh1 Bg4 23. Qd2 Rc8 24. Ne4 Bf5 25. Ng5 Rc2 26. Qe1 Qb2 27. Rg1 h6 28. Nf3 Be4 29. Qd1 Nf6 30. Nh4 g5 31. Nf3 Ng4 0-1

[Event "Olympiad Women-45"]
[Site "Budapest"]
[Date "2024.09.22"]
[Round "11.3"]
[White "Vasquez Ramirez, Rocio Nefertiti"]
[Black "Ter Avetisjana, Agnesa Stepania"]
[Result "0-1"]
[WhiteElo "1981"]
[BlackElo "2134"]
[PlyCount "84"]
[EventDate "2024.09.11"]
[EventType "team-swiss"]
[EventRounds "11"]
[EventCountry "HUN"]
[SourceTitle "EXT 2025"]
[Source "ChessBase"]
[SourceDate "2024.10.14"]
[SourceVersion "1"]
[SourceVersionDate "2024.10.14"]
[SourceQuality "1"]
[WhiteTeam "Ecuador (W)"]
[BlackTeam "Latvia (W)"]
[WhiteTeamCountry "ECU"]
[BlackTeamCountry "LAT"]

1. e4 c6 2. c4 d5 3. exd5 cxd5 4. d4 Nf6 5. Nc3 Nc6 6. Nf3 Bg4 7. Be3 e6 8. c5 Bxf3 9. Qxf3 Be7 10. Bb5 0-0 11. 0-0 Nd7 12. Qe2 Qc7 13. Rad1 a6 14. Bxc6 Qxc6 15. b4 b6 16. Bf4 Bf6 17. Bd6 Rfe8 18. Qf3 bxc5 19. bxc5 Nb6 20. Bf4 Nc4 21. Qg3 g6 22. h4 Ra7 23. Rfe1 Rb7 24. Re2 a5 25. h5 a4 26. hxg6 hxg6 27. Qf3 Ra8 28. Rc2 Rc8 29. Qe2 Bg7 30. g3 a3 31. Kg2 Rb2 32. Nb1 Qa4 33. Rxb2 axb2 34. Nc3 Qa5 35. Qd3 Qb4 36. Nb1 Ra8 37. c6 Rxa2 38. c7 Ra8 39. Qc3 Qxc3 40. Nxc3 Kf8 41. Nb5 Ke7 42. Na7 Kd7 0-1

[Event "Olympiad Women-45"]
[Site "Budapest"]
[Date "2024.09.19"]
[Round "8.3"]
[White "Caku, Kler"]
[Black "Ter Avetisjana, Agnesa Stepania"]
[Result "0-1"]
[WhiteElo "1859"]
[BlackElo "2134"]
[PlyCount "96"]
[EventDate "2024.09.11"]
[EventType "team-swiss"]
[EventRounds "11"]
[EventCountry "HUN"]
[SourceTitle "EXT 2025"]
[Source "ChessBase"]
[SourceDate "2024.10.14"]
[SourceVersion "1"]
[SourceVersionDate "2024.10.14"]
[SourceQuality "1"]
[WhiteTeam "Albania (W)"]
[BlackTeam "Latvia (W)"]
[WhiteTeamCountry "ALB"]
[BlackTeamCountry "LAT"]

1. e4 c6 2. d4 d5 3. exd5 cxd5 4. Bd3 Nc6 5. c3 Nf6 6. h3 g6 7. Ne2 Bf5 8. Bxf5 gxf5 9. Bf4 e6 10. Nd2 Bd6 11. Nf3 Ne4 12. Qc1 Rg8 13. 0-0 Ne7 14. Ne5 f6 15. Nd3 Ng6 16. Bxd6 Qxd6 17. Qh6 0-0-0 18. a4 Rd7 19. Kh1 Rdg7 20. Nc5 f4 21. Nxe4 dxe4 22. f3 exf3 23. Rxf3 e5 24. Rf2 Qd5 25. Qh5 Qe4 26. dxe5 fxe5 27. Qg4+ Kb8 28. Ng3 Qc6 29. Nh5 Rf7 30. Re1 Ne7 31. Qe2 Rg5 32. Kh2 f3 33. Rxf3 Rxf3 34. gxf3 Rxh5 35. f4 Rf5 36. fxe5 Qf3 37. Qxf3 Rxf3 38. Kg2 Rf5 39. Kg3 Kc7 40. Kg4 h5+ 41. Kg3 Nc6 42. e6 Kd6 43. Kh4 Ne5 44. e7 Kxe7 45. Re4 Kf6 46. Rb4 b6 47. a5 Ng6+ 48. Kg3 Rxa5 0-1

[Event "EU-ch U18 Girls"]
[Site "Prague"]
[Date "2024.08.28"]
[Round "6"]
[White "Ter Avetisjana, Agnesa Stepania"]
[Black "Hoanca, Alexia Ioana"]
[Result "1-0"]
[WhiteElo "2089"]
[BlackElo "1966"]
[PlyCount "55"]
[EventDate "2024.08.22"]
[EventType "swiss"]
[EventRounds "9"]
[EventCountry "CZE"]
[SourceTitle "CBM 221 Extra"]
[Source "ChessBase"]
[SourceDate "2024.09.30"]
[SourceVersion "1"]
[SourceVersionDate "2024.09.30"]
[SourceQuality "1"]

1. e4 c6 2. Nf3 d5 3. d3 Bg4 4. h3 Bxf3 5. Qxf3 e6 6. g3 Nf6 7. Bg2 Be7 8. 0-0 0-0 9. Qe2 c5 10. e5 Nfd7 11. f4 Nc6 12. c3 b5 13. Nd2 Rc8 14. Nf3 c4 15. d4 b4 16. g4 Re8 17. f5 Nf8 18. Qf2 Qd7 19. Ng5 Bxg5 20. Bxg5 bxc3 21. bxc3 exf5 22. gxf5 Rb8 23. Qg3 Rb6 24. Bf6 g6 25. Qg5 Nd8 26. Qh6 Nde6 27. fxe6 Nxe6 28. Rf4 1-0